Evaluación del cambio en la ecotoxicidad durante la degradación de una mezcla de contaminantes emergentes sometidos a ozonización convencional y catalítica heterogénea con diatomita impregnada con hierro como catalizador del proceso

Spremljeno u:
Bibliografski detalji
Glavni autor: Fajardo Romero, Daniela, 1994-
Daljnji autori: Zürcher Quirós, Carla Director del TFG
Format: Knjiga
Jezik:Spanish
Izdano: San José, Costa Rica 2020
Teme:
Oznake: Dodaj oznaku
Bez oznaka, Budi prvi tko označuje ovaj zapis!

MARC

LEADER 00000nam a2200000Ia 4500
003 013517
005 20230417110227.0
008 140114s2020 cr a 000 ||spa d
040 |c cru CEDI 
100 |a Fajardo Romero, Daniela, 1994-  |9 326 
245 |a Evaluación del cambio en la ecotoxicidad durante la degradación de una mezcla de contaminantes emergentes sometidos a ozonización convencional y catalítica heterogénea con diatomita impregnada con hierro como catalizador del proceso  
260 |a  San José, Costa Rica  |c  2020 
500 |a  Proyecto de graduación (licenciatura en ingeniería química)--Universidad de Costa Rica. Facultad de Ingeniería. Escuela de Ingeniería Química 
501 |a Director de Proyecto de Graduación: Ing. Esteban Durán Herrera, PhD. 
650 |x MEDICAMENTOS - ASPECTOS AMBIENTALES  |x CONTAMINACION   |x HARINA FOSIL   |x EVALUACION DE RIESGOS AMBIENTALES   |x OXIDO DE HIERRO   |x CATALIZADORES  |x TOXICOLOGIA AMBIENTAL   |x OZONIZACION 
700 |a Zürcher Quirós, Carla   |d Director del TFG  |9 14 
942 |c CEDI  |h TFG 8668  |6 TFG_8668_000000000000000 
999 |c 22019  |d 22019